<?xml version="1.0" encoding="UTF-8"?>
<record
    xmlns:xsi="http://www.w3.org/2001/XMLSchema-instance"
    xsi:schemaLocation="http://www.loc.gov/MARC21/slim http://www.loc.gov/standards/marcxml/schema/MARC21slim.xsd"
    xmlns="http://www.loc.gov/MARC21/slim">

  <leader>01383cam a2200325 a 4500</leader>
  <controlfield tag="001">4518796</controlfield>
  <controlfield tag="005">20220326193318.0</controlfield>
  <controlfield tag="008">980831s1997    nyua     b    001 0 eng c</controlfield>
  <datafield tag="010" ind1=" " ind2=" ">
    <subfield code="a">96060366 //r98</subfield>
  </datafield>
  <datafield tag="020" ind1=" " ind2=" ">
    <subfield code="a">0500181950</subfield>
  </datafield>
  <datafield tag="020" ind1=" " ind2=" ">
    <subfield code="a">0500202958 (pbk.)</subfield>
  </datafield>
  <datafield tag="035" ind1=" " ind2=" ">
    <subfield code="a">(OCoLC)36243884</subfield>
  </datafield>
  <datafield tag="035" ind1=" " ind2=" ">
    <subfield code="a">(OCoLC)ocm36243884</subfield>
  </datafield>
  <datafield tag="035" ind1=" " ind2=" ">
    <subfield code="a">(NNC)4518796</subfield>
  </datafield>
  <datafield tag="040" ind1=" " ind2=" ">
    <subfield code="a">OCl</subfield>
    <subfield code="c">OCl</subfield>
    <subfield code="d">WaS</subfield>
    <subfield code="d">DLC</subfield>
    <subfield code="d">NNUT</subfield>
  </datafield>
  <datafield tag="042" ind1=" " ind2=" ">
    <subfield code="a">pcc</subfield>
  </datafield>
  <datafield tag="082" ind1=" " ind2=" ">
    <subfield code="a">704.039.607.3</subfield>
    <subfield code="b">P882b</subfield>
  </datafield>
  <datafield tag="090" ind1=" " ind2=" ">
    <subfield code="a">N6538.N5</subfield>
    <subfield code="b">P64 1997</subfield>
  </datafield>
  <datafield tag="100" ind1="1" ind2=" ">
    <subfield code="a">Powell, Richard J.,</subfield>
    <subfield code="d">1953-</subfield>
    <subfield code="9">2430</subfield>
  </datafield>
  <datafield tag="245" ind1="1" ind2="0">
    <subfield code="a">Black art and culture in the 20th century /</subfield>
    <subfield code="c">Richard J. Powell</subfield>
  </datafield>
  <datafield tag="260" ind1=" " ind2=" ">
    <subfield code="a">New York, N.Y. :</subfield>
    <subfield code="b">Thames &amp; Hudson,</subfield>
    <subfield code="c">1997</subfield>
  </datafield>
  <datafield tag="300" ind1=" " ind2=" ">
    <subfield code="a">256 p. :</subfield>
    <subfield code="b">ill. (some col.) ;</subfield>
    <subfield code="c">22 cm</subfield>
  </datafield>
  <datafield tag="490" ind1="1" ind2=" ">
    <subfield code="a">World of art</subfield>
  </datafield>
  <datafield tag="504" ind1=" " ind2=" ">
    <subfield code="a">Includes bibliographical references (p.237-246)</subfield>
  </datafield>
  <datafield tag="505" ind1=" " ind2=" ">
    <subfield code="t">introduction: the Dark Center </subfield>
    <subfield code="t">chapter one : Art, culture and "the souls of black folk"</subfield>
    <subfield code="t">chapter two: Enter and Exit the"new negro"</subfield>
    <subfield code="t">chapter three: the cult of the people </subfield>
    <subfield code="t">chapter four: Pride, Assimilation and Dreams</subfield>
    <subfield code="t">chapter five: "Black is a color"</subfield>
    <subfield code="t">chapter six: Culture as currency</subfield>
    <subfield code="t">Conclusion: Through a Glass, Diasporally</subfield>
    <subfield code="t">Biographical notes </subfield>
    <subfield code="t">Select Bibliography and sources </subfield>
    <subfield code="t">List of illustrations </subfield>
    <subfield code="t">index</subfield>
  </datafield>
  <datafield tag="650" ind1=" " ind2="0">
    <subfield code="a">African American art</subfield>
    <subfield code="y">20th century.</subfield>
    <subfield code="9">2431</subfield>
  </datafield>
  <datafield tag="650" ind1=" " ind2="0">
    <subfield code="a">Art, Black.</subfield>
    <subfield code="9">2432</subfield>
  </datafield>
  <datafield tag="830" ind1=" " ind2="0">
    <subfield code="a">World of art.</subfield>
    <subfield code="9">774</subfield>
  </datafield>
  <datafield tag="999" ind1=" " ind2=" ">
    <subfield code="c">527</subfield>
    <subfield code="d">527</subfield>
  </datafield>
  <datafield tag="952" ind1=" " ind2=" ">
    <subfield code="0">0</subfield>
    <subfield code="1">0</subfield>
    <subfield code="2">ddc</subfield>
    <subfield code="4">0</subfield>
    <subfield code="7">0</subfield>
    <subfield code="a">LV</subfield>
    <subfield code="b">LV</subfield>
    <subfield code="c">Pensamiento</subfield>
    <subfield code="d">2015-04-17</subfield>
    <subfield code="l">0</subfield>
    <subfield code="o">704.039.607.3 P882b</subfield>
    <subfield code="p">000398</subfield>
    <subfield code="r">2015-04-17 00:00:00</subfield>
    <subfield code="w">2015-04-17</subfield>
    <subfield code="y">01</subfield>
  </datafield>
</record>
